Pengantar komunikasi

Bibliographic Details
Main Author: Mansor Ahmad Saman
Other Authors: Ramli Mohamed, Shawaluddin Anis
Format: Book
Published: Pulau Pinang : Penerbit USM , 1984
Edition:New ed
Subjects:

MARC

LEADER 00000cam a2200000 7i4500
001 0000004870
002 000005252
005 20000330.0
020 |a 9679911136 
090 0 0 |a 302.2   |b MAN 
100 0 |a Mansor Ahmad Saman 
245 1 0 |a Pengantar komunikasi   |c Mansor Ahmad Saman,Ramli Mohamed dan Shawaluddin Anis 
250 |a New ed 
260 |a Pulau Pinang :   |b Penerbit USM ,   |c 1984 
300 |a 133 p. ;   |c 23 cm. 
650 0 0 |a Communication   |x Study and teaching 
700 0 |a Ramli Mohamed 
700 0 |a Shawaluddin Anis 
999 |a 034787   |b BUKU   |c PINJAMAN   |e PERPUSTAKAAN KOMUNITI PETALING JAYA 
999 |a 034788   |b BUKU   |c PINJAMAN   |e PERPUSTAKAAN KOMUNITI PETALING JAYA